First Word Drama Titles Quiz Stats

 Plays Quiz Updated Jan 24, 2016

Challenge
Share
Tweet
Embed
Score 0/30 Timer 04:00
5 Plays Today
Movie Answer % Correct
______ Dollar BabyMillion
98.1%
______ GumpForrest
98%
______ Private RyanSaving
98%
______ Me If You CanCatch
97.9%
______ Will HuntingGood
97.5%
______ SwanBlack
96.3%
______ Poets SocietyDead
96.2%
______ Will Be BloodThere
95.7%
______ Country For Old MenNo
94.8%
______ KaneCitizen
93.6%
______ About EveAll
92%
______ of ArabiaLawrence
92%
______ RwandaHotel
89.4%
______ Millionaire Slumdog
88%
______ Hand LukeCool
87.9%
Movie Answer % Correct
______ ListSchindler's
84.5%
______ History XAmerican
81.7%
______ DriverTaxi
81.6%
______ Is BeautifulLife
81.5%
______ ClubFight
81.3%
______ the WaterfrontOn
81.2%
______ Day AfternoonDog
81.1%
______ WindowRear
79.7%
______ Blvd.Sunset
75.6%
______ IndemnityDouble
69.6%
______ The WildInto
67.5%
______ NowApocalypse
62.3%
______ SamuraiSeven
56.5%
______ ManRain
47.2%
______ Of GodCity
39.8%

You're not logged in!

Compare scores with friends on all Sporcle quizzes.
OR
Log In

You Might Also Like...

Show Comments

Extras

Top Quizzes Today


Score Distribution

Your Account Isn't Verified!

In order to create a playlist on Sporcle, you need to verify the email address you used during registration. Go to your Sporcle Settings to finish the process.

Report this User

Report this user for behavior that violates our Community Guidelines.

Details: